000
00305nam a22001337a 4500
008
170322b xxu||||| |||| 00| 0 eng d
020
_a
9783805586535
041
_a
eng
080
_a
616.8
100
_a
7
101
_a
SHM
245
_a
NOONAN SYNDROME AND RELATED DISORDER
_c
ZENKER.M
942
_2
udc
_c
BK
999
_c
8365
_d
8365